| 000 | 00704nam a22001697a 4500 | ||
|---|---|---|---|
| 010 | _aHIN-128766 | ||
| 020 |
_c350.00 _a9788188363780 |
||
| 035 | _aHN-101112 | ||
| 037 | _aDBAD | ||
| 082 | _a921 | ||
| 100 |
_aभट्ट, रागिनी _974824 |
||
| 245 |
_aआजादी के भूले - बिसरे क्रांतिकारी/ _cरागिनी भट्ट |
||
| 260 |
_bहिमानी पुस्तक भण्डार _c2021 _aरोहतक |
||
| 270 |
_bरोहतक _a950/25, चिन्योट कालोनी _e124001 |
||
| 300 |
_a192पृ. _c22सेमी. (सजिल्द) |
||
| 942 |
_2ddc _cHN _h921 _mभट्टरा |
||
| 999 |
_c206950 _d206950 |
||